|
|
|
|
| LEADER |
00941nam a22002532a 4500 |
| 001 |
000103891 |
| 003 |
CZ BrMZK |
| 005 |
20090519095354.0 |
| 007 |
ta |
| 008 |
950101s1969 xr fr cze d |
| 015 |
|
|
|a cnb000161587
|
| 035 |
|
|
|a (OCoLC)44547657
|
| 040 |
|
|
|a BOA001
|b cze
|
| 100 |
1 |
|
|a Navrátil, Jiří,
|d 1939-2019
|7 jk01082760
|4 aut
|
| 245 |
1 |
0 |
|a Spálená stráň /
|c Jiří Navrátil
|
| 260 |
|
|
|a Hradec Králové :
|b Kruh,
|c 1969
|
| 300 |
|
|
|a 221 s.
|
| 500 |
|
|
|a Dostupné též v digitální podobě v aplikaci Kramerius
|
| 856 |
4 |
1 |
|u http://www.digitalniknihovna.cz/mzk/uuid/uuid:88680370-f415-11ea-b646-005056827e52
|y Digitalizovaný dokument
|x NDK
|
| 910 |
|
|
|a BOA001
|b 1-0625.492
|
| 990 |
|
|
|a BK
|
| 991 |
|
|
|b 200905
|
| 996 |
6 |
|
|b 2619489731
|c 1-0625.492
|l MZK
|r Sklad / do 1 hodiny
|n 0
|w 000103891
|u 000020
|a 1
|e BOA001
|j MZK50
|s P
|
| 996 |
7 |
|
|b 2619995968
|c 1-0625.492
|l MZK
|r Sklad / do 1 hodiny
|n 1
|w 000103891
|u 000010
|a 1
|e BOA001
|j MZK50
|s A
|